Catálogo

INGENIERIA INDUSTRIAL Y ADMINISTRACION : (Registro nro. 35402)

Detalles MARC
000 -LEADER
fixed length control field 00614nam a2200205 a 4500
001 - CONTROL NUMBER
control field 35402
005 - DATE AND TIME OF LATEST TRANSACTION
control field 20180714003729.0
008 - FIXED-LENGTH DATA ELEMENTS--GENERAL INFORMATION
fixed length control field 140415s1999 mx 000 0 spa d
020 ## - INTERNATIONAL STANDARD BOOK NUMBER
International Standard Book Number 9682612160
041 ## - LANGUAGE CODE
Language code of text/sound track or separate title spa
082 ## - DEWEY DECIMAL CLASSIFICATION NUMBER
Classification number 621.7
Item number HIC
100 1# - MAIN ENTRY--PERSONAL NAME
Personal name HICKS, PHILIP E.
245 10 - TITLE STATEMENT
Title INGENIERIA INDUSTRIAL Y ADMINISTRACION :
Remainder of title UNA NUEVA PERSPECTIVA
250 ## - EDITION STATEMENT
Edition statement 2a ed.
260 ## - PUBLICATION, DISTRIBUTION, ETC.
Place of publication, distribution, etc. MEXICO :
Name of publisher, distributor, etc. COMPAÑIA EDITORIAL CONTINENTAL,
Date of publication, distribution, etc. 1999
300 ## - PHYSICAL DESCRIPTION
Extent 479
650 14 - SUBJECT ADDED ENTRY--TOPICAL TERM
Topical term or geographic name entry element INGENIERIA INDUSTRIAL
700 1# - ADDED ENTRY--PERSONAL NAME
Personal name SALAZAR PALACIOS, JOSE MANUEL
Relator term tr.
740 ## - ADDED ENTRY--UNCONTROLLED RELATED/ANALYTICAL TITLE
Uncontrolled related/analytical title INDUSTRIAL ENGINEERING AND MANAGEMENT
Existencias
Withdrawn status Lost status Source of classification or shelving scheme Damaged status Not for loan Collection code Home library Current library Shelving location Date acquired Source of acquisition Inventory number Total Checkouts Full call number Barcode Date last seen Date last checked out Price effective from Koha item type
    Dewey Decimal Classification     General Biblioteca Karol Wojtyla Biblioteca Karol Wojtyla Sala general 03/12/2013 Compra 151000000000000000004422 3 621.7 HIC 53467 05/01/2026 16/03/2019 03/12/2013 Libro
Descarte   Dewey Decimal Classification     General Tehuacán Tehuacán Sala general 03/12/2013 Compra     621.7 HIC 504647     03/12/2013 Libro
Descarte   Dewey Decimal Classification     General Tehuacán Tehuacán Sala general 03/12/2013 Compra     621.7 HIC 504691     03/12/2013 Libro
    Dewey Decimal Classification     General Tehuacán Tehuacán Sala general 03/12/2013 Compra     621.7 HIC 506241 08/01/2025   03/12/2013 Libro